Quizzes
Events
Quiz Creation
Community
Videos
Private Events
Remove Ads
Sign In
Join for FREE
Feedback
Dark Mode
Quiz Categories
Sports
Geography
Music
Movies
Television
Just For Fun
Miscellaneous
History
Literature
Language
Science
Gaming
Entertainment
Religion
Holiday
For Kids
Quiz Lab
Recent
Popular Today
Quiz Kudos Today
Editor Picks
Curator Picks
Quizzes by...
Day
Popularity
Type
Ratings
Length
Year
Community
Subscriptions
Recent Discussions
Orange Saloon
Badges
Playlists
Quests
Create
Leaderboards
Showdown
Live 5
Trivia Bingo
Activity
Puzzle Library
Sporcle Events
Private Events
Virtual Trivia
Globe League
Become a Host
Pub Owners
SporcleCon
Opinionation
Our Games
Videos
Blog
Mobile Apps
Partnerships
Remove Ads and Go Orange
Feedback
Sports
Athletes
MLB
NBA
NHL
NFL
Soccer
Sports Teams
WWE
NCAA
Football
Premier League
Basketball
Baseball
Hockey
Golf
Tennis
Cricket
Rugby
Auto Racing
Olympics
World Cup
Sports
Athletes
MLB
NBA
NHL
NFL
Soccer
Sports Teams
WWE
NCAA
Football
Premier League
Basketball
Baseball
Hockey
Golf
Tennis
Cricket
Rugby
Auto Racing
Olympics
World Cup
Random Quiz
Search Sporcle
×
Quiz Lab
Quiz Lab
Sports
Sports Teams
Type in answers that appear in a list
Type in answers that appear in a list
Classic
Best Score? Go Orange.
Minnesota Vikings in the Hall of Fame Stats
Can you name the players, coaches, and contributors of the Minnesota Vikings* that have been inducted into the Pro Football Hall of Fame?
By
metakoopa99
6m
21 Questions
489 Plays
489 Plays
489 Plays
Comments
Comments
Give Quiz Kudos
Give Quiz Kudos
-
- Ratings
hide this ad
More Info
Replay
Link that replays current quiz
Next Quiz
Link to next quiz in quiz playlist
You Got
0%
They Got
Avg Score
58%
Avg Friend Score
Upgrade to see
Score Distribution
Jump to the score distribution portion of the page
Score
0/21
Timer
06:00
0
Plays Today
Position (Years w/ Team)
Name
% Correct
WR (1998-
2004, 2010)
Randy Moss
94.9%
WR (1990-
2001)
Cris Carter
91.8%
QB (1961-
1966, 1972-
1978)
Fran Tarkenton
88.3%
QB (2009-
2010)
Brett Favre
87.3%
Coach (1967-
1983, 1985)
Bud Grant
81.8%
DT (1967-
1978)
Alan Page
80.9%
DT (1990-
2000)
John Randle
76.2%
QB (1994-
1996)
Warren Moon
72.5%
S (1968-
1979)
Paul Krause
69.3%
DE (1964-
1978)
Carl Eller
68.6%
K (2004)
Morten Andersen
65.2%
Position (Years w/ Team)
Name
% Correct
G (1988-
1999)
Randall McDaniel
64.1%
DE (1985-
1993, 1999)
Chris Doleman
58.6%
T (1968-
1981)
Ron Yary
52%
C (1962-
1978)
Mick Tingelhoff
49%
K (1984-
1985)
Jan Stenerud
44.5%
T (1986-
1992)
Gary Zimmerman
42.4%
TE (1983)
Dave Casper
30.3%
RB (1961-
1962)
Hugh McElhenny
20.3%
Executive (1964-
1973)
Jim Finks
18.6%
C (1980-
1981)
Jim Langer
17%
Quiz Playlist
Details
Report
Send in Message
Add To Playlist
More Info:
*Vikings history includes Minnesota Vikings (1961-present).
Classic:
Type in answers that appear in a list
Last Updated: Feb 4, 2018
Quiz Scoreboard
CHALLENGE
Sign Up to Join the Scoreboard
Show All
Scores
Hide
Comments
May contain spoilers
Recently Published
Movies - When Are They Set?
by FPL_Elf
Movies
5m
Popular People in 1961
by mucciniale
History
6m
1-10 Letter E Words III
by El_Dandy
Language
2m
More to Explore
Quiz From the Vault
Featured Blog Post
Where Did the Easter Bunny Come From?
hide this ad
You Might Also Like...
Tags
Football Quiz
NFL Quiz
Sports Teams Quiz
Year Quiz
Hall of Fame
Minnesota Vikings
Pro Football Hall of Fame
Today's Top Quizzes in Sports
Browse Sports
hide this ad
Today's Top Quizzes in Sports Teams
Browse Sports Teams
Top Contributed Quizzes in Sports
1
Les meilleurs buteurs des matchs entre le PSG et l’OM
2
Les entraîneurs de l'OM et du PSG au 21e siècle
3
FIFA Club World Cup Champions
4
2022 World Cup Stars
5
Name the Premier League winners with different clubs
6
La finale Lions - Afrique du Sud 2021
7
Criteria MLB: Left Handed Sluggers
8
Players with Multiple 50 Home Run Seasons
9
MLB Players with Two .350 Batting Average Seasons
10
MLB Hall of Famer by Rings
Explore More
Trending Topics
NBA
Crossword
Harry Potter
Marvel
Kpop
Anime
Disney
Pokémon
The Office
NFL
Puzzle
Soccer
Song
Country
WWE
hide this ad
More By:
metakoopa99
Quiz
Plays
Rating
Category
Featured
Created
10 to 1: Classic Rock Songs
278,426
4.55
Music
Feb 15, 2016
10 to 1: Classic Rock Songs II
206,142
4.66
Music
Feb 15, 2016
10 to 1: Classic Rock Songs III
137,214
4.55
Music
Aug 29, 2016
Subcategory Multiple Choice: Sports
128,582
4.10
Sports
Sep 4, 2016
10 to 1: Classic Rock Songs IV
126,066
4.57
Music
Sep 25, 2016
Go to Creator's Profile
Score Distribution
Quiz Creator Spotlight
metakoopa99
Follow
Send a Message
Quizzes Created
-
Created Quiz Play Count
-
More By This Creator
Popular Quizzes Today
1
Find the US States - No Outlines Minefield
2
Find the Countries of Europe - No Outlines Minefield
3
The Countries of the World
4
Popular People in 1961
5
1-10 Letter E Words III
6
US States
7
Find the US States
8
One Thing in Common: World Cities II
More Sports Quizzes
Founding Members of FIFA
Published
Trending Quizzes
Risky Map Clicking: Least Populous States A-Z
1-10 Letter F Words
1-10 Letter G Words
One Thing in Common: United Kingdom
Risky Map Clicking: Next State Alphabetically
Recently Updated
Leaping Animals
pecheneg
Reality TV Shows (A-Z)
bhenderson79
Rickey Henderson's Hall of Fame Teammates
pecheneg
Champions League XIs: Arsenal
pecheneg
Quick Pick: Celebrities in WWE's Hall of Fame
aduchscher
A-Z Keypad Blitz II
pecheneg
Multiple Oscar Actors
pecheneg
Mystery Phrase Blitz: Oscar 'Best Actors'
pecheneg
F. Scott Fitzgerald Novels
LTH
Pick 3 Villains
ddd62291
Trending Topics
Harry Potter
NBA
Crossword
Kpop
Disney
Marvel
Anime
The Office
Pokémon
NFL
Puzzle
WWE
Soccer
Song
Country
Your Account Isn't Verified!
In order to create a playlist on Sporcle, you need to verify the email address you used during registration. Go to your
Sporcle Settings
to finish the process.
Report this User
Report this user for behavior that violates our
Community Guidelines
.
Details:
Send Report
Go to the Sporcle.com Mobile Site →
Comments